Score 0/11 Timer 03:00
5 Plays Today
Term Senator % Correct
2005-2008Barack Obama
95.9%
2021-PresentRaphael Warnock
85.9%
2017-2021Kamala Harris
81%
2013-PresentCory Booker
72.2%
2013-PresentTimothy Scott
47.8%
1993-1999Carol Moseley Braun
39.3%
2009-2010Roland Burris
27%
1967-1979Edward William Brooke
24.5%
2013William 'Mo' Cowan
18%
1870-1871Hiram Rhodes Revels
15.7%
1875-1881Blanche Bruce
10.7%
Remove Ads.
Support Sporcle.
Get the best of Sporcle when you Go Orange. This ad-free experience offers more features, more stats, and more fun while also helping to support Sporcle. Thank you for becoming a member.

You're not logged in!

Compare scores with friends on all Sporcle quizzes.
OR
Log In

Show Comments

Extras

Top Quizzes Today


Score Distribution

Your Account Isn't Verified!

In order to create a playlist on Sporcle, you need to verify the email address you used during registration. Go to your Sporcle Settings to finish the process.

Report this User

Report this user for behavior that violates our Community Guidelines.

Details: